Spirit-directed witnessing. (Record no. 13170)

000 -LEADER
fixed length control field 00538nam a2200181 a 4500
001 - CONTROL NUMBER
control field :::00010988$&:&@@
003 - CONTROL NUMBER IDENTIFIER
control field OkBaRHE
005 - DATE AND TIME OF LATEST TRANSACTION
control field 20000607103404.0
008 - FIXED-LENGTH DATA ELEMENTS--GENERAL INFORMATION
fixed length control field s1960 j 000 0 eng u
040 ## - CATALOGING SOURCE
Transcribing agency
100 1# - MAIN ENTRY--PERSONAL NAME
Personal name Cox, Martin W.
245 10 - TITLE STATEMENT
Title Spirit-directed witnessing.
260 ## - PUBLICATION, DISTRIBUTION, ETC. (IMPRINT)
Place of publication, distribution, etc Marion, IN., :
Name of publisher, distributor, etc Wesley Press
Date of publication, distribution, etc c1960
300 ## - PHYSICAL DESCRIPTION
Extent 64 p. ;
Dimensions 18 cm.
650 ## - SUBJECT ADDED ENTRY--TOPICAL TERM
Topical term or geographic name as entry element Witness Bearing (Christianity)
942 ## - ADDED ENTRY ELEMENTS (KOHA)
Source of classification or shelving scheme
Koha item type Books
Copies
Permanent Location Not for loan Date last seen Damaged status Barcode Source of classification or shelving scheme Date acquired Koha item type Lost status Price effective from Copy number Full call number Shelving location Withdrawn status
RHEMA Bible Training College 2010-04-14 10988 2010-04-14Books 2010-04-141BV 4520 .C6General Stacks